New technology to protect homes from flooding (Record no. 84408)

MARC details
000 -LEADER
fixed length control field 01114cab a22002175a 4500
001 - CONTROL NUMBER
control field L157529
008 - FIXED-LENGTH DATA ELEMENTS--GENERAL INFORMATION
fixed length control field 130110e2012 xxk 000 0 eng d
035 ## - SYSTEM CONTROL NUMBER
System control number (Sirsi) u157529
041 0# - LANGUAGE CODE
Language code of text/sound track or separate title eng
110 2# - MAIN ENTRY--CORPORATE NAME
Corporate name or jurisdiction name as entry element United Kingdom
Subordinate unit Department for Environment Food and Rural Affairs
245 00 - TITLE STATEMENT
Title New technology to protect homes from flooding
Medium [electronic resource]
260 ## - PUBLICATION, DISTRIBUTION, ETC.
Date of publication, distribution, etc. 2012
490 ## - SERIES STATEMENT
Series statement DEFRA News Release
Volume/sequential designation 28 December 2012
520 ## - SUMMARY, ETC.
Summary, etc. Three winners share £200 000 of DEFRA funding to develop technology to tackle climate change and flooding. The businesses developed innovative technology to address flooding and the effects of climate change in local communities. The competition winners were; Flood Brick from Fluvial Innovations, Papa Rainwater Harvesting System from Papa Ltd and Catchment Scale approach from AECOM.
590 ## - LOCAL NOTE (RLIN)
Local note KA
651 #4 - SUBJECT ADDED ENTRY--GEOGRAPHIC NAME
Geographic name United Kingdom
690 ## - LOCAL SUBJECT ADDED ENTRY--TOPICAL TERM (OCLC, RLIN)
Topical term or geographic name as entry element Environment
9 (RLIN) 6238
690 ## - LOCAL SUBJECT ADDED ENTRY--TOPICAL TERM (OCLC, RLIN)
Topical term or geographic name as entry element Sustainability
9 (RLIN) 6271
856 40 - ELECTRONIC LOCATION AND ACCESS
Uniform Resource Identifier <a href="https://www.gov.uk/government/news/new-technology-to-protect-homes-from-flooding/">https://www.gov.uk/government/news/new-technology-to-protect-homes-from-flooding/</a>
Public note View the news release free of charge at www.gov.uk
942 ## - ADDED ENTRY ELEMENTS (KOHA)
Suppress in OPAC 0
Holdings
Withdrawn status Lost status Source of classification or shelving scheme Damaged status Not for loan Home library Current library Shelving location Date acquired Total Checkouts Full call number Barcode Date last seen Copy number Price effective from Koha item type
    Dewey Decimal Classification     Virtual Virtual Online 10/01/2013   ONLINE PUBLICATION 157529-2001 06/08/2019 1 06/08/2019 Online material